Hoofdsteden via Aangrenzend Water - Statistieken

Algemene statistieken
  • Deze quiz is 2.186 keer genomen
  • De gemiddelde score is 10 van 20
Antwoordstatistieken
Waterlichaam Type Hoofdstad / Hoofdsteden % Correct
Seine Rivier Parijs
98%
Thames Rivier Londen
93%
Amstel Rivier Amsterdam
80%
Donau Rivier Wenen | Boedapest | Belgrado | Bratislava
66%
Javazee Zee Jakarta
60%
Dnjepr Rivier Kiev
58%
Tiber Rivier Rome
58%
Øresund Straat Kopenhagen
55%
Congo Rivier Brazzaville | Kinshasa
52%
Wisła Rivier Warschau
50%
Tigris Rivier Bagdad
43%
Potomac Rivier Washington D.C.
42%
Río de la Plata Estuarium Buenos Aires | Montevideo
40%
Golf van Mexico Golf Havana
34%
Liffey Rivier Dublin
32%
Kaspische Zee Meer Bakoe
29%
Mekong Rivier Vientiane | Phnom Penh
27%
Victoriameer Meer Kampala
24%
Han Rivier Seoel
22%
Golf van Aden Golf Djibouti
18%
Geen overeenkomende quizzen gevonden
Scoreverdeling
Procent van Mensen met Elke Score
Percentiel versus Aantal Correcte Antwoorden
Uw Scoregeschiedenis
U heeft deze quiz nog niet genomen